000 00477 a2200193 4500
005 20260312113656.0
008 260309b |||||||| |||| 00| 0 eng d
020 _a9788183306133
_cRs. 1295.00
040 _aMAIN
082 _a541.38
_bA38N
100 _aAggarwal, Manoj
245 _aNuclear chemistry
260 _bArjun Publishing House
_c2025
_aNew Delhi
300 _a251
650 _aChemistry
650 _aNuclear Chemistry
650 _aAtomic
942 _cBK
999 _c394547
_d394547